Bioprocess Engineering principles/ (Record no. 9487)

MARC details
000 -LEADER
fixed length control field 00494nam a22001817a 4500
003 - CONTROL NUMBER IDENTIFIER
control field OSt
005 - DATE AND TIME OF LATEST TRANSACTION
control field 20241128095628.0
008 - FIXED-LENGTH DATA ELEMENTS--GENERAL INFORMATION
fixed length control field 241128b |||||||| |||| 00| 0 eng d
022 ## - INTERNATIONAL STANDARD SERIAL NUMBER
Source 9780122208560
040 ## - CATALOGING SOURCE
Transcribing agency must
100 ## - MAIN ENTRY--PERSONAL NAME
Relator code Doran,Pauline M.
245 ## - TITLE STATEMENT
Title Bioprocess Engineering principles/
Statement of responsibility, etc. Pauline M. Doran
260 ## - PUBLICATION, DISTRIBUTION, ETC. (IMPRINT)
Place of publication, distribution, etc. San Diego;
Name of publisher, distributor, etc. Academic press:
Date of publication, distribution, etc. C1995.
300 ## - PHYSICAL DESCRIPTION
Extent xiv,439p.;
Other physical details ill.:
Dimensions 25cm.
500 ## - GENERAL NOTE
General note Icludes Index
650 ## - SUBJECT ADDED ENTRY--TOPICAL TERM
Source of heading or term Bioprocess Engineering
942 ## - ADDED ENTRY ELEMENTS (KOHA)
Source of classification or shelving scheme Dewey Decimal Classification
Koha item type Book Bank
Holdings
Withdrawn status Lost status Source of classification or shelving scheme Damaged status Not for loan Home library Current library Date acquired Source of acquisition Inventory number Total Checkouts Barcode Date last seen Price effective from Koha item type
    Dewey Decimal Classification     MUST Main Library MUST Main Library 28/11/2024 donation 12/35669   2024-22579 28/11/2024 28/11/2024 Book Bank